Swa xintu (Record no. 745883)

MARC details
000 -LEADER
fixed length control field 00418nam a22001697a 4500
005 - DATE AND TIME OF LATEST TRANSACTION
control field 20230302111408.0
008 - FIXED-LENGTH DATA ELEMENTS--GENERAL INFORMATION
fixed length control field 230302b sa ||||| |||| 00| 0 eng d
020 ## - INTERNATIONAL STANDARD BOOK NUMBER
International Standard Book Number <a href="9781919690193">9781919690193</a>
Qualifying information
040 ## - CATALOGING SOURCE
Transcribing agency 3228
082 ## - DEWEY DECIMAL CLASSIFICATION NUMBER
Classification number TSO 893.3978 LUBI
942 ## - ADDED ENTRY ELEMENTS
Creator Name Elsie Maluleke
Creator ID 162
Modifier ID 162
Modifier Name Elsie Maluleke
100 ## - MAIN ENTRY--PERSONAL NAME
Personal name Lubisi, C.M
245 ## - TITLE STATEMENT
Title Swa xintu
260 ## - PUBLICATION, DISTRIBUTION, ETC.
Place of publication, distribution, etc. Pretoria;
Name of publisher, distributor, etc. Bard Publishers
Date of publication, distribution, etc. 2012
300 ## - PHYSICAL DESCRIPTION
Extent 98 Pages
Dimensions 20.5 cm
942 ## - ADDED ENTRY ELEMENTS
Source of classification or shelving scheme Dewey Decimal Classification
item type Books
Holdings
Withdrawn status Lost status Source of classification or shelving scheme Damaged status Not for loan Home library Current library Date acquired Total Checkouts Full call number Barcode Date last seen Price effective from item type
    Dewey Decimal Classification     LYDENBURG REGIONAL LIBRARY Acornhoek Public Library (Under renovation) 02.03.2023   TSO 893.3978 LUBI 33228031026511 02.03.2023 02.03.2023 Books